| 000 | 00870nam a22002417a 4500 | ||
|---|---|---|---|
| 003 | UA-OsUOA | ||
| 001 | 28631 | ||
| 007 | ta | ||
| 008 | 20050414b un ||||| |||| 00| 0 ukr d | ||
| 090 |
_a82-94 _bГ57 |
||
| 942 | _cBK | ||
| 040 |
_aUA-OsUOA _brus _cUA-OsUOA _dUA-OsUOA |
||
| 245 |
_aГоворят погибшие герои _bПредсмертные письма советских борцов потив немецко-фашистских захвватчиков (1941-1945 гг.) _cРед. В. А.Кондратьев З. Н.Политов |
||
| 300 |
_a272 с. _bІлюстрації |
||
| 955 | _a4 | ||
| 041 | _arus | ||
| 080 | _a82-94 | ||
| 260 |
_aМ. _bПолитиздат _c1979 |
||
| 044 | _aRU | ||
| 250 | _n6-е изд., испр. и доп. | ||
| 650 | 7 |
_a82 Література. Літературознавство _2UDC |
|
| 999 |
_c315000 _d315000 |
||